000 00332 a2200133 4500
020 _a0923183361
082 _a861.891
_bC421d
100 _aCesarco, Alejandro
_9479
245 _aDedications
260 _aNYC
_bA R T Press
_c2003
300 _a200 p
_c21 cm
650 _aLiteratura
_xPoesa̕
_zUruguay
_9544
700 _aAlejandro Cesarco
_9480
999 _c96
_d96